Memoria descriptiva de la Exposición Nacional de 1873 / (Record no. 54417)

MARC details
000 -LEADER
campo de control de longitud fija 00625nam a22001815i 4500
001 - NÚMERO DE CONTROL
campo de control 54417
003 - IDENTIFICADOR DE NÚMERO DE CONTROL
campo de control ES-MaACL
005 - FECHA Y HORA DE LA ÚLTIMA TRANSACCIÓN
campo de control 20230906162942.0
007 - CAMPO FIJO DE DESCRIPCIÓN FÍSICA--INFORMACIÓN GENERAL
campo de control de longitud fija t|
008 - DATOS DE LONGITUD FIJA--INFORMACIÓN GENERAL
campo de control de longitud fija 960722s1874 sp ||||1| spa d
040 ## - FUENTE DE CATALOGACIÓN
Centro catalogador/agencia de origen CAM
Lengua de catalogación spa
Centro/agencia transcriptor CAM
100 1# - ENTRADA PRINCIPAL--NOMBRE DE PERSONA
Nombre de persona Foronda y Aguilera, Manuel de.
9 (RLIN) 51803
245 10 - MENCIÓN DEL TÍTULO
Título Memoria descriptiva de la Exposición Nacional de 1873 /
Mención de responsabilidad, etc. redactada ... por Manuel de Foronda y Aguilera ...
260 ## - PUBLICACIÓN, DISTRIBUCIÓN, ETC.
Lugar de publicación, distribución, etc. Madrid :
Nombre del editor, distribuidor, etc. [s.n.],
Fecha de publicación, distribución, etc. 1874 (
Fabricante imprenta y fundición de Manuel Tello)
300 ## - DESCRIPCIÓN FÍSICA
Extensión 57, [3] p. ;
Dimensiones 24 cm.
611 24 - PUNTO DE ACCESO ADICIONAL DE MATERIA--NOMBRE DE REUNIÓN/CONGRESO
Nombre de congreso/reunión o jurisdicción como elemento de entrada Exposición Nacional.
Fecha del congreso o de la firma del tratado 1873.
Sede del congreso/Lugar de la reunión Madrid)
9 (RLIN) 138906
852 ## - LOCALIZACIÓN
Ubicación ES-MaACL
Número de control de estantería T-163-F-6
Holdings
Estatus retirado Estado de pérdida Estado de daño No para préstamo Colección Biblioteca de origen Biblioteca actual Ubicación en estantería Fecha de adquisición Fuente de adquisición Total de préstamos Signatura topográfica completa Código de barras Visto por última vez Precio de reemplazo Tipo de ítem Koha
        Colección de folletos Biblioteca del Ateneo de Madrid Biblioteca del Ateneo de Madrid Depósito folletos 17/01/2008     T-163-F-6 1057181 23/02/2023 23/02/2023 Folleto